Dutch to English Country Names - Statistics

General Stats
  • This quiz has been taken 124 times
  • The average score is 20 of 21
Answer Stats
Dutch English % Correct
Kroatië Croatia
100%
Nederland Netherlands
100%
Noorwegen Norway
100%
Rusland Russia
100%
Zuid-Afrika South Africa
100%
Spanje Spain
100%
Verenigd Koninkrijk United Kingdom
100%
Frankrijk France
99%
Duitsland Germany
99%
IJsland Iceland
99%
Marokko Morocco
99%
Oekraïne Ukraine
99%
Vaticaanstad Vatican City
99%
Tsjechische Republiek Czech Republic
98%
Verenigde Staten United States
98%
Koeweit Kuwait
97%
Oezbekistan Uzbekistan
96%
Griekenland Greece
95%
Ivoorkust Ivory Coast
92%
Kirgizië Kyrgyzstan
87%
Tsjaad Chad
81%
No matching quizzes found
Score Distribution
Percent of People with Each Score
Percentile by Number Answered
Your Score History
You have not taken this quiz